000 00730nam a2200253 i 4500
001 99276
003 ES-MaACL
005 20250911062648.0
007 t|
008 050906e1958 sp ||||1| spa d
080 _a 821.134.2-31"19"
100 1 _aMartín Gaite, Carmen,
_d1925-2000
_977496
_eaut
245 1 0 _aEntre visillos /
_cCarmen Martín Gaite.
250 _a[1.ª ed.].
260 _aBarcelona :
_bDestino,
_c1958.
300 _a256 páginas ;
_c19 cm.
490 1 _aÁncora y delfín ;
_3147
655 0 _aNovelas
_9234319
830 0 _aÁncora y Delfín
_v147
_9151298
852 _aES-MaACL
_jC-13911
_bR.41851
_cSPAL
942 _2udc
_cMONOGRAFIA
_n0
999 _c99276
_d99276